[Event "Titled Tuesday intern op 13th Jun Late"]
[Site "Chess.com INT"]
[Date "2023.06.13"]
[Round "1"]
[White "Eljanov, Pavel"]
[Black "Bas Mas, Jose Joaquin"]
[Result "1-0"]
[WhiteElo "2694"]
[BlackElo "2203"]
[PlyCount "81"]
[EventDate "2023.06.13"]
[EventType "swiss (blitz)"]
[EventRounds "11"]
[EventCountry "USA"]
[SourceTitle "EXT 2024"]
[Source "ChessBase"]
[SourceDate "2023.10.10"]
[SourceVersion "1"]
[SourceVersionDate "2023.10.10"]
[SourceQuality "1"]

1. d4 d5 2. c4 e6 3. Nc3 Nf6 4. cxd5 exd5 5. Bg5 Nbd7 6. e3 h6 7. Bh4 Be7 8. Bd3 0-0 9. h3 b6 10. Nf3 Bb7 11. 0-0 c5 12. Rc1 a6 13. a3 Re8 14. Bb1 Rc8 15. Re1 Ne4 16. Bxe7 Qxe7 17. dxc5 Nxc3 18. Rxc3 Nxc5 19. Nd4 Qf6 20. Qg4 Ne4 21. Bxe4 Rxc3 22. bxc3 Rxe4 23. Qg3 Re8 24. Qc7 Bc8 25. a4 g6 26. Rb1 b5 27. axb5 axb5 28. Rxb5 Be6 29. Rb8 Rxb8 30. Qxb8+ Kg7 31. Qd6 h5 32. f4 h4 33. Kf2 g5 34. Kf3 gxf4 35. Qxf4 Qg6 36. Qxh4 Qd3 37. Qe1 Qe4+ 38. Kf2 Bd7 39. Kg1 Qe5 40. Qf2 Kf8 41. Qf4 1-0

[Event "Titled Tuesday intern op 06th Jun Early"]
[Site "Chess.com INT"]
[Date "2023.06.06"]
[Round "9"]
[White "Bas Mas, Jose Joaquin"]
[Black "Kashlinskaya, Alina"]
[Result "0-1"]
[WhiteElo "2203"]
[BlackElo "2474"]
[PlyCount "176"]
[EventDate "2023.06.06"]
[EventType "swiss (blitz)"]
[EventRounds "11"]
[EventCountry "USA"]
[SourceTitle "EXT 2024"]
[Source "ChessBase"]
[SourceDate "2023.10.10"]
[SourceVersion "1"]
[SourceVersionDate "2023.10.10"]
[SourceQuality "1"]

1. d4 Nf6 2. Nc3 d5 3. Bf4 g6 4. e3 Bg7 5. h4 h5 6. Nf3 Bg4 7. Qd2 c6 8. Ne5 Bf5 9. f3 Nbd7 10. Be2 Qb6 11. 0-0-0 a5 12. Kb1 a4 13. Nxd7 Nxd7 14. e4 dxe4 15. fxe4 Be6 16. d5 cxd5 17. exd5 Bf5 18. Nb5 0-0 19. g4 hxg4 20. h5 Rfc8 21. Rc1 Ra5 22. Qb4 Nf6 23. hxg6 Bxg6 24. Rhd1 Ne4 25. Qxe7 Rxb5 26. Bxb5 Qxb5 27. Be5 Bxe5 28. Qxe5 Nc3+ 29. Ka1 Nxd1 30. Rxd1 Rxc2 31. Rh1 Bh7 32. Qg5+ Kf8 33. Qd8+ Qe8 34. Qd6+ Qe7 35. Qh6+ Ke8 36. Qxh7 Re2 37. Qh8+ Kd7 38. a3 Re1+ 39. Rxe1 Qxe1+ 40. Ka2 g3 41. Qf6 Qf2 42. Qh4 Qf3 43. Qxa4+ Kd6 44. Qb4+ Kd7 45. Qb5+ Kc7 46. Qc5+ Kd7 47. Qb5+ Kd8 48. Qb6+ Kc8 49. Qc5+ Kd8 50. Qb6+ Ke7 51. Qxb7+ Kd6 52. Qc6+ Ke5 53. Qc7+ Kd4 54. Qb6+ Kd3 55. Qb3+ Ke2 56. Qc2+ Ke1 57. Qc1+ Kf2 58. Qd2+ Qe2 59. Qf4+ Qf3 60. Qd4+ Kf1 61. d6 g2 62. d7 g1Q 63. d8Q Qxd4 64. Qxd4 f5 65. Qd2 f4 66. a4 Qe4 67. Qd1+ Kg2 68. Qg4+ Kh2 69. Qh4+ Kg2 70. Qg4+ Kf2 71. Qh4+ Ke2 72. Qh2+ Kd3 73. Qh3+ f3 74. Qf1+ Qe2 75. Qb1+ Qc2 76. Qf1+ Ke4 77. a5 Qa4+ 78. Kb1 Qxa5 79. Kc2 Qc5+ 80. Kd2 Qe3+ 81. Kd1 f2 82. Qe2 Kd4 83. Qg4+ Kd3 84. Qf5+ Kc4 85. Qc8+ Kb3 86. Qb7+ Ka2 87. Qa6+ Kb1 88. Qe2 Qd4+ 0-1

[Event "Titled Tuesday intern op 06th Jun Early"]
[Site "Chess.com INT"]
[Date "2023.06.06"]
[Round "2"]
[White "Bas Mas, Jose Joaquin"]
[Black "Napoli, Nicolo"]
[Result "1/2-1/2"]
[WhiteElo "2203"]
[BlackElo "2259"]
[PlyCount "129"]
[EventDate "2023.06.06"]
[EventType "swiss (blitz)"]
[EventRounds "11"]
[EventCountry "USA"]
[SourceTitle "EXT 2024"]
[Source "ChessBase"]
[SourceDate "2023.10.10"]
[SourceVersion "1"]
[SourceVersionDate "2023.10.10"]
[SourceQuality "1"]

1. d4 d5 2. Nc3 Nf6 3. Bf4 e6 4. Nb5 Na6 5. e3 c6 6. Nc3 Nc7 7. Nf3 Nh5 8. Bg5 f6 9. Bh4 g6 10. Bd3 Be7 11. g4 Ng7 12. Qe2 0-0 13. 0-0-0 e5 14. dxe5 fxe5 15. Bxe7 Qxe7 16. Nd2 e4 17. Ndxe4 dxe4 18. Nxe4 Nd5 19. a3 Nf6 20. Nxf6+ Qxf6 21. f4 Qe7 22. h4 Be6 23. f5 gxf5 24. gxf5 Bxf5 25. Bc4+ Be6 26. Rhg1 Bxc4 27. Qxc4+ Qf7 28. Qg4 Qg6 29. Qxg6 hxg6 30. Rxg6 Kh7 31. Rgg1 Rad8 32. Rd4 Rxd4 33. exd4 Rf4 34. c3 Rxh4 35. Re1 Nf5 36. Re8 Rg4 37. Rf8 Kg6 38. Rb8 Rg1+ 39. Kc2 Nd6 40. Kb3 Kf5 41. c4 Rg3+ 42. Kb4 a5+ 43. Kc5 Ne4+ 44. Kb6 Rb3+ 45. Kc7 b5 46. Kxc6 bxc4 47. Rxb3 cxb3 48. Kb5 Nd2 49. Kxa5 Ke4 50. Kb4 Kxd4 51. a4 Kd5 52. Kc3 Ne4+ 53. Kxb3 Nc5+ 54. Ka3 Nb7 55. Kb4 Kc6 56. a5 Nd6 57. Ka4 Kb7 58. b4 Nc4 59. b5 Nd6 60. Kb4 Nxb5 61. Kxb5 Ka7 62. Kc6 Ka8 63. Kb6 Kb8 64. a6 Ka8 65. a7 1/2-1/2

[Event "Titled Tuesday intern op 06th Jun Early"]
[Site "Chess.com INT"]
[Date "2023.06.06"]
[Round "1"]
[White "Sjugirov, Sanan"]
[Black "Bas Mas, Jose Joaquin"]
[Result "1-0"]
[WhiteElo "2699"]
[BlackElo "2203"]
[PlyCount "111"]
[EventDate "2023.06.06"]
[EventType "swiss (blitz)"]
[EventRounds "11"]
[EventCountry "USA"]
[SourceTitle "EXT 2024"]
[Source "ChessBase"]
[SourceDate "2023.10.10"]
[SourceVersion "1"]
[SourceVersionDate "2023.10.10"]
[SourceQuality "1"]

1. e4 e6 2. d4 d5 3. Nc3 Nf6 4. e5 Nfd7 5. f4 c5 6. Nf3 Nc6 7. Be3 Be7 8. Qd2 0-0 9. Be2 a6 10. 0-0 Qc7 11. Nd1 cxd4 12. Nxd4 Nc5 13. Nf2 Bd7 14. c3 f6 15. exf6 Rxf6 16. Nxc6 Bxc6 17. Ng4 Rff8 18. Ne5 Ne4 19. Qc2 Bc5 20. Bxc5 Nxc5 21. Kh1 Be8 22. Rae1 Rc8 23. Qd1 Bb5 24. Bxb5 axb5 25. Qd4 Ne4 26. Nd3 Qc4 27. Qe3 Rc7 28. a3 Qc6 29. Nf2 Nxf2+ 30. Rxf2 Rcf7 31. Kg1 Rf6 32. Qe5 Qc4 33. g3 Qd3 34. Qe2 Qxe2 35. Rfxe2 Kf7 36. Rd1 Rc8 37. Kg2 h5 38. h4 Rc4 39. Kf3 g6 40. Ke3 Rf5 41. Kd3 Kf6 42. Rde1 Re4 43. Rxe4 dxe4+ 44. Rxe4 Rd5+ 45. Rd4 Kf5 46. Rxd5+ exd5 47. Ke3 Kg4 48. Kf2 b6 49. Kg2 Kf5 50. Kf3 Kf6 51. g4 Ke6 52. f5+ Kf6 53. fxg6 hxg4+ 54. Kxg4 Kxg6 55. Kf4 Kh5 56. Ke5 1-0

[Event "Titled Tuesday intern op 25th Apr Early"]
[Site "Chess.com INT"]
[Date "2023.04.25"]
[Round "9"]
[White "Herman, Daniel"]
[Black "Bas Mas, Jose Joaquin"]
[Result "1-0"]
[WhiteElo "1956"]
[BlackElo "2197"]
[PlyCount "67"]
[EventDate "2023.04.25"]
[EventType "swiss (blitz)"]
[EventRounds "11"]
[EventCountry "USA"]
[SourceTitle "EXT 2024"]
[Source "ChessBase"]
[SourceDate "2023.10.10"]
[SourceVersion "1"]
[SourceVersionDate "2023.10.10"]
[SourceQuality "1"]

1. c4 e6 2. d4 d5 3. Nc3 Nf6 4. cxd5 exd5 5. Bg5 Nbd7 6. e3 h6 7. Bh4 Be7 8. Bd3 0-0 9. Nge2 b6 10. 0-0 Bb7 11. Rc1 c5 12. dxc5 bxc5 13. Bb1 Re8 14. Qd3 Nf8 15. Rfd1 Rc8 16. b3 g5 17. Bg3 Qb6 18. Be5 Red8 19. Ng3 Qe6 20. Bxf6 Bxf6 21. Nf5 Be5 22. Ne2 Ba6 23. Qc2 Bxe2 24. Qxe2 d4 25. Qh5 Bg7 26. h4 gxh4 27. Nxh4 dxe3 28. Bf5 exf2+ 29. Kf1 Rxd1+ 30. Rxd1 Qa6+ 31. Kxf2 Re8 32. Kg1 Qxa2 33. Qf3 Qb2 34. Bd3 1-0

[Event "Titled Tuesday intern op 18th Apr Early"]
[Site "Chess.com INT"]
[Date "2023.04.18"]
[Round "6"]
[White "Bas Mas, Jose Joaquin"]
[Black "Novikova, Galina"]
[Result "0-1"]
[WhiteElo "2197"]
[BlackElo "2073"]
[PlyCount "92"]
[EventDate "2023.04.18"]
[EventType "swiss (blitz)"]
[EventRounds "11"]
[EventCountry "USA"]
[SourceTitle "EXT 2024"]
[Source "ChessBase"]
[SourceDate "2023.10.10"]
[SourceVersion "1"]
[SourceVersionDate "2023.10.10"]
[SourceQuality "1"]

1. e4 e6 2. d4 d5 3. e5 c5 4. c3 Nc6 5. Nf3 Bd7 6. Bd3 f6 7. 0-0 Qc7 8. Bf4 0-0-0 9. Bg3 f5 10. dxc5 h6 11. Nd4 g5 12. f4 Bxc5 13. Kh1 Nxd4 14. cxd4 Bxd4 15. Nc3 Kb8 16. Rc1 Qb6 17. Na4 Bxa4 18. Qxa4 Be3 19. Rc3 gxf4 20. Bxf4 Bxf4 21. Rxf4 Ne7 22. Rb4 Qf2 23. Rf4 Qe1+ 24. Rf1 Qxe5 25. Rb3 Qd6 26. Ba6 b6 27. Re1 e5 28. Bb5 d4 29. Qa6 e4 30. a4 Qd5 31. Bc4 Qb7 32. Qb5 d3 33. a5 d2 34. Rd1 Nc8 35. Qe5+ Ka8 36. Qxf5 Rhe8 37. a6 Qd7 38. Qxd7 Rxd7 39. Bb5 e3 40. Bxd7 e2 41. Bc6+ Kb8 42. Rg1 e1Q 43. Bxe8 Qxg1+ 44. Kxg1 d1Q+ 45. Kf2 Qxb3 46. Bc6 Qxb2+ 0-1

[Event "Titled Tuesday intern op 18th Apr Early"]
[Site "Chess.com INT"]
[Date "2023.04.18"]
[Round "1"]
[White "Movahed, Sina"]
[Black "Bas Mas, Jose Joaquin"]
[Result "1-0"]
[WhiteElo "2340"]
[BlackElo "2197"]
[PlyCount "57"]
[EventDate "2023.04.18"]
[EventType "swiss (blitz)"]
[EventRounds "11"]
[EventCountry "USA"]
[SourceTitle "EXT 2024"]
[Source "ChessBase"]
[SourceDate "2023.10.10"]
[SourceVersion "1"]
[SourceVersionDate "2023.10.10"]
[SourceQuality "1"]

1. e4 e6 2. d4 d5 3. Nd2 Nf6 4. e5 Nfd7 5. Ngf3 c5 6. c3 Nc6 7. Nb3 a5 8. a4 cxd4 9. cxd4 Qb6 10. Bb5 Bb4+ 11. Bd2 0-0 12. 0-0 f6 13. Bxb4 axb4 14. exf6 Nxf6 15. Re1 Ne4 16. Rc1 Bd7 17. Nc5 Nxc5 18. Rxc5 Rf6 19. Bxc6 bxc6 20. Ne5 Be8 21. b3 Ra7 22. Qd2 h6 23. h3 Ra5 24. Rxa5 Qxa5 25. Rc1 Qb6 26. Rc5 Qb7 27. a5 Bd7 28. a6 Qxa6 29. Nxd7 1-0

[Event "Titled Tuesday intern op 18th Apr Early"]
[Site "Chess.com INT"]
[Date "2023.04.18"]
[Round "10"]
[White "Sokolovsky, Yahli"]
[Black "Bas Mas, Jose Joaquin"]
[Result "0-1"]
[WhiteElo "2464"]
[BlackElo "2197"]
[PlyCount "120"]
[EventDate "2023.04.18"]
[EventType "swiss (blitz)"]
[EventRounds "11"]
[EventCountry "USA"]
[SourceTitle "EXT 2024"]
[Source "ChessBase"]
[SourceDate "2023.10.10"]
[SourceVersion "1"]
[SourceVersionDate "2023.10.10"]
[SourceQuality "1"]

1. b3 Nf6 2. Bb2 e6 3. Nf3 d5 4. e3 Be7 5. d4 0-0 6. Bd3 Nbd7 7. Nbd2 b6 8. 0-0 Bb7 9. Ne5 c5 10. f4 Ne4 11. Bxe4 dxe4 12. Ndc4 f6 13. Nxd7 Qxd7 14. dxc5 Qxd1 15. Rfxd1 Bxc5 16. Ba3 Rfd8 17. Bxc5 bxc5 18. Nb2 Kf7 19. Rxd8 Rxd8 20. Rd1 Rd5 21. c4 Rxd1+ 22. Nxd1 Bc6 23. Kf2 e5 24. fxe5 f5 25. g4 Ke6 26. gxf5+ Kxf5 27. Kg3 g5 28. e6 h5 29. e7 Kf6 30. h4 g4 31. Kf4 Kxe7 32. Nf2 a5 33. Nh1 Be8 34. a4 Bg6 35. Kg5 Kf7 36. Ng3 Kg7 37. Kf4 Kf6 38. Ne2 Ke6 39. Nc3 Kd6 40. Nd5 Bf7 41. Nc3 Bg6 42. Ne2 Ke6 43. Kg5 Kf7 44. Ng3 Kg7 45. Nh1 Kf7 46. Kf4 Kf6 47. Nf2 Ke6 48. Nd1 Kf6 49. Nc3 Ke6 50. Nd5 Kd6 51. Kg5 g3 52. Nf4 Bf7 53. Kf6 Be6 54. Ne2 g2 55. Ng1 Bg4 56. Kg5 Ke5 57. Kg6 Bf3 58. Kh6 Kf6 59. Nh3 Kf5 60. Ng1 Kg4 0-1

[Event "Titled Tuesday intern op 11th Apr Late"]
[Site "Chess.com INT"]
[Date "2023.04.11"]
[Round "8"]
[White "Bas Mas, Jose Joaquin"]
[Black "Moreira, Ronaldo Alonso"]
[Result "1-0"]
[WhiteElo "2197"]
[BlackElo "2088"]
[PlyCount "67"]
[EventDate "2023.04.11"]
[EventType "swiss (blitz)"]
[EventRounds "11"]
[EventCountry "USA"]
[SourceTitle "CBM 213 Extra"]
[Source "ChessBase"]
[SourceDate "2023.05.31"]
[SourceVersion "1"]
[SourceVersionDate "2023.05.31"]
[SourceQuality "1"]

1. e4 e6 2. d4 d5 3. e5 c5 4. c3 Nc6 5. Nf3 Qb6 6. Bd3 cxd4 7. 0-0 Bd7 8. Re1 Rc8 9. a3 Be7 10. b4 dxc3 11. Nxc3 Nxb4 12. Na4 Bxa4 13. Qxa4+ Nc6 14. Be3 Bc5 15. Rab1 Qa5 16. Qxa5 Nxa5 17. Bd2 Bb6 18. Rb5 Nc6 19. a4 Rb8 20. a5 Bc7 21. Rc1 Nge7 22. Bg5 Kd7 23. a6 bxa6 24. Rbc5 Bb6 25. R5c3 Rhc8 26. Bxa6 Rc7 27. Bb5 Bxf2+ 28. Kxf2 Rxb5 29. Bxe7 Rb2+ 30. Kg3 Kxe7 31. Rxc6 Rxc6 32. Rxc6 a5 33. Rc7+ Ke8 34. Nd4 1-0

[Event "Titled Tuesday intern op 11th Apr Late"]
[Site "Chess.com INT"]
[Date "2023.04.11"]
[Round "1"]
[White "Bilych, Olexiy"]
[Black "Bas Mas, Jose Joaquin"]
[Result "1-0"]
[WhiteElo "2423"]
[BlackElo "2197"]
[PlyCount "105"]
[EventDate "2023.04.11"]
[EventType "swiss (blitz)"]
[EventRounds "11"]
[EventCountry "USA"]
[SourceTitle "CBM 213 Extra"]
[Source "ChessBase"]
[SourceDate "2023.05.31"]
[SourceVersion "1"]
[SourceVersionDate "2023.05.31"]
[SourceQuality "1"]

1. d4 d5 2. c4 e6 3. Nf3 Nf6 4. Nc3 Nbd7 5. Bg5 h6 6. Bh4 Be7 7. e3 0-0 8. Qc2 b6 9. cxd5 exd5 10. Bd3 Bb7 11. 0-0 c5 12. Rad1 Ne8 13. Bxe7 Qxe7 14. Bf5 Ndf6 15. Ne5 Nd6 16. Bh3 a6 17. a4 Nde4 18. f3 Nxc3 19. bxc3 Bc8 20. Bxc8 Rfxc8 21. Qf5 g6 22. Qf4 Kg7 23. Rb1 Qe6 24. a5 b5 25. Rbc1 Ra7 26. Nd3 Nd7 27. dxc5 Rac7 28. Qd4+ Kg8 29. Nf4 Qe5 30. Nxd5 Rxc5 31. Qxe5 Nxe5 32. Ne7+ Kf8 33. Nxc8 Rxc8 34. Rfd1 Nc4 35. Kf2 Nxa5 36. Ra1 Nb3 37. Rxa6 Rxc3 38. Ra7 Nc5 39. Rd8+ Kg7 40. Rb8 b4 41. Kg3 b3 42. Rb5 Nd3 43. Rbb7 Ne5 44. Kf4 Kf6 45. Ra6+ Nc6 46. Rbb6 g5+ 47. Kg3 b2 48. Rxc6+ Rxc6 49. Rxc6+ Kf5 50. Rb6 h5 51. Rxb2 f6 52. Kf2 h4 53. Rb5+ 1-0

[Event "Titled Tuesday intern op 11th Apr Late"]
[Site "Chess.com INT"]
[Date "2023.04.11"]
[Round "11"]
[White "Cattaneo, Marco"]
[Black "Bas Mas, Jose Joaquin"]
[Result "1-0"]
[WhiteElo "2251"]
[BlackElo "2197"]
[PlyCount "99"]
[EventDate "2023.04.11"]
[EventType "swiss (blitz)"]
[EventRounds "11"]
[EventCountry "USA"]
[SourceTitle "CBM 213 Extra"]
[Source "ChessBase"]
[SourceDate "2023.05.31"]
[SourceVersion "1"]
[SourceVersionDate "2023.05.31"]
[SourceQuality "1"]

1. d4 d5 2. Nf3 Nf6 3. Bf4 c5 4. e3 Nc6 5. Nbd2 Bf5 6. dxc5 e6 7. b4 Nxb4 8. Nd4 Bxc5 9. Bb5+ Kf8 10. Nxf5 exf5 11. a3 Nc6 12. 0-0 h6 13. Rb1 Bd6 14. Bxd6+ Qxd6 15. Bd3 Qd7 16. Qc1 Rb8 17. Qb2 Qe6 18. c4 Ne5 19. Be2 Nxc4 20. Nxc4 dxc4 21. Qb4+ Qe7 22. Qxc4 g6 23. Qa4 b6 24. Bc4 Kg7 25. Rfd1 Rhd8 26. Qb3 Ne4 27. h3 Qf6 28. Qb4 Nc3 29. Rxd8 Rxd8 30. Rc1 Ne4 31. Bf1 Qd6 32. Qb2+ Qf6 33. Qb4 h5 34. Qe1 h4 35. Be2 Qg5 36. Bf3 Nd2 37. Bc6 Rd6 38. Rd1 Rxc6 39. Qxd2 Qf6 40. Qd5 Rc5 41. Qa8 a5 42. Rd8 Rc1+ 43. Kh2 Qe5+ 44. f4 Qxe3 45. Rg8+ Kf6 46. Qd8+ Qe7 47. Qxb6+ Qe6 48. Qb2+ Ke7 49. Qxc1 Qe4 50. Rc8 1-0

[Event "Titled Tuesday intern op 11th Apr Early"]
[Site "Chess.com INT"]
[Date "2023.04.11"]
[Round "1"]
[White "Liyanage, Ranindu Dilshan"]
[Black "Bas Mas, Jose Joaquin"]
[Result "1-0"]
[WhiteElo "2342"]
[BlackElo "2197"]
[PlyCount "59"]
[EventDate "2023.04.11"]
[EventType "swiss (blitz)"]
[EventRounds "11"]
[EventCountry "USA"]
[SourceTitle "CBM 213 Extra"]
[Source "ChessBase"]
[SourceDate "2023.05.31"]
[SourceVersion "1"]
[SourceVersionDate "2023.05.31"]
[SourceQuality "1"]

1. e4 e6 2. d4 d5 3. Nc3 Nf6 4. exd5 exd5 5. Bd3 c5 6. dxc5 Bxc5 7. Nf3 0-0 8. 0-0 h6 9. h3 Nc6 10. Bf4 a6 11. Qd2 Be6 12. Bxh6 gxh6 13. Qxh6 Nd4 14. Qg5+ Kh8 15. Nxd4 Bxd4 16. Qh4+ Kg7 17. Qxd4 Rh8 18. Rae1 Qd6 19. Re3 Bd7 20. Rf3 Rh6 21. Re1 Rg8 22. Ne4 dxe4 23. Qxd6 exf3 24. Re7 Bxh3 25. gxh3 Kh8+ 26. Kf1 Ng4 27. Qd4+ f6 28. Qe4 Nh2+ 29. Ke1 Rg1+ 30. Kd2 1-0

[Event "Titled Tuesday intern op 11th Apr Early"]
[Site "Chess.com INT"]
[Date "2023.04.11"]
[Round "6"]
[White "Szajbely, Zsigmond"]
[Black "Bas Mas, Jose Joaquin"]
[Result "1/2-1/2"]
[WhiteElo "2243"]
[BlackElo "2197"]
[PlyCount "110"]
[EventDate "2023.04.11"]
[EventType "swiss (blitz)"]
[EventRounds "11"]
[EventCountry "USA"]
[SourceTitle "CBM 213 Extra"]
[Source "ChessBase"]
[SourceDate "2023.05.31"]
[SourceVersion "1"]
[SourceVersionDate "2023.05.31"]
[SourceQuality "1"]

1. Nf3 Nf6 2. c4 e6 3. g3 d5 4. Bg2 Be7 5. 0-0 0-0 6. b3 d4 7. e3 c5 8. b4 dxe3 9. fxe3 cxb4 10. d4 a5 11. Qd3 Nbd7 12. Rd1 Qc7 13. e4 e5 14. Bb2 exd4 15. Nxd4 Ne5 16. Qf1 Nxc4 17. Rc1 b5 18. e5 Qxe5 19. Bxa8 Nxb2 20. Nf3 Qe3+ 21. Kg2 Bf5 22. Re1 Qa7 23. Bc6 Bc5 24. Bxb5 Ng4 25. Ne5 Ne3+ 26. Rxe3 Bxe3 27. Qxf5 Qd4 28. Nf3 Qd1 29. Bf1 Rd8 30. a3 g6 31. Qb5 b3 32. Qxa5 Qc2+ 33. Kh1 Rd1 34. Qa6 Qf2 35. Nbd2 Bxd2 36. Rxd1 Nxd1 37. Qe2 Qxe2 38. Bxe2 Nc3 39. Nxd2 Nxe2 40. Nxb3 Nc3 41. Nc5 Kf8 42. Kg2 Ke7 43. Kf3 Kd6 44. Ne4+ Nxe4 45. Kxe4 f6 46. h4 h6 47. a4 h5 48. Kd4 g5 49. hxg5 fxg5 50. Ke4 h4 51. gxh4 gxh4 52. Kf4 Kc6 53. Kg4 Kb6 54. Kxh4 Ka5 55. Kg4 Kxa4 1/2-1/2

[Event "Titled Tuesday intern op 11th Apr Early"]
[Site "Chess.com INT"]
[Date "2023.04.11"]
[Round "11"]
[White "Zaichenko, Daria"]
[Black "Bas Mas, Jose Joaquin"]
[Result "0-1"]
[WhiteElo "2104"]
[BlackElo "2197"]
[PlyCount "94"]
[EventDate "2023.04.11"]
[EventType "swiss (blitz)"]
[EventRounds "11"]
[EventCountry "USA"]
[SourceTitle "CBM 213 Extra"]
[Source "ChessBase"]
[SourceDate "2023.05.31"]
[SourceVersion "1"]
[SourceVersionDate "2023.05.31"]
[SourceQuality "1"]

1. e4 e6 2. d4 d5 3. e5 c5 4. c3 Nc6 5. Nf3 Qb6 6. a3 c4 7. Nbd2 Na5 8. Be2 Bd7 9. 0-0 Ne7 10. Qc2 Qc7 11. b4 cxb3 12. Nxb3 Ba4 13. Nfd2 Nc8 14. Rb1 Nb6 15. Qd3 Nac4 16. Nc5 Nxd2 17. Bxd2 Bxc5 18. dxc5 Qxc5 19. Qg3 Kf8 20. c4 a5 21. Qh4 d4 22. Bf3 Bc6 23. Bxc6 bxc6 24. f4 g6 25. Qf6 Rg8 26. f5 gxf5 27. Rxf5 exf5 28. e6 Qe7 29. Bh6+ Ke8 30. exf7+ Kd7 31. Qxe7+ Kxe7 32. fxg8Q Rxg8 33. Rxb6 Kd6 34. Rb7 Kc5 35. Rc7 Rg6 36. Bf4 Kxc4 37. Kf2 Re6 38. Rd7 c5 39. g3 Kd3 40. Ra7 c4 41. Rxa5 c3 42. Rxf5 Re2+ 43. Kf3 Rxh2 44. a4 c2 45. a5 Rh1 46. Rc5 Rf1+ 47. Kg4 Ra1 0-1

[Event "Titled Tuesday intern op 28th Mar Early"]
[Site "Chess.com INT"]
[Date "2023.03.28"]
[Round "9"]
[White "Kozak, Antoni"]
[Black "Bas Mas, Jose Joaquin"]
[Result "1-0"]
[WhiteElo "2422"]
[BlackElo "2210"]
[PlyCount "33"]
[EventDate "2023.03.28"]
[EventType "swiss (blitz)"]
[EventRounds "11"]
[EventCountry "USA"]
[SourceTitle "EXT 2024"]
[Source "ChessBase"]
[SourceDate "2023.10.10"]
[SourceVersion "1"]
[SourceVersionDate "2023.10.10"]
[SourceQuality "1"]

1. d4 d5 2. Nc3 Nf6 3. Bg5 e6 4. e4 dxe4 5. Nxe4 Be7 6. Bxf6 gxf6 7. Nf3 f5 8. Ng3 h5 9. Bc4 h4 10. Ne2 h3 11. g3 b6 12. d5 Bb7 13. Nf4 Qd6 14. Qe2 exd5 15. 0-0-0 c6 16. Rhe1 Nd7 17. Nd4 1-0

[Event "Titled Tuesday intern op 21st Mar Early"]
[Site "Chess.com INT"]
[Date "2023.03.21"]
[Round "1"]
[White "Fier, Alexandr"]
[Black "Bas Mas, Jose Joaquin"]
[Result "1-0"]
[WhiteElo "2606"]
[BlackElo "2210"]
[PlyCount "57"]
[EventDate "2023.03.21"]
[EventType "swiss (blitz)"]
[EventRounds "11"]
[EventCountry "USA"]
[SourceTitle "EXT 2024"]
[Source "ChessBase"]
[SourceDate "2023.10.10"]
[SourceVersion "1"]
[SourceVersionDate "2023.10.10"]
[SourceQuality "1"]

1. c4 e6 2. Nf3 d5 3. g3 Nf6 4. Bg2 Be7 5. 0-0 0-0 6. b3 d4 7. e3 c5 8. exd4 cxd4 9. Bb2 Nc6 10. Re1 Bc5 11. d3 Re8 12. Ba3 Bxa3 13. Nxa3 e5 14. c5 Bg4 15. h3 Bh5 16. Nc4 e4 17. dxe4 Nxe4 18. Qc2 d3 19. Qb2 Nxc5 20. g4 Bg6 21. Nfe5 Nd4 22. Rad1 Ne2+ 23. Kh1 Qh4 24. Nxg6 hxg6 25. Rf1 Rad8 26. Qa3 Ne4 27. Qxa7 Nxf2+ 28. Qxf2 Qxf2 29. Rxf2 1-0

[Event "Titled Tuesday intern op 21st Mar Early"]
[Site "Chess.com INT"]
[Date "2023.03.21"]
[Round "9"]
[White "Marin, Sebastian"]
[Black "Bas Mas, Jose Joaquin"]
[Result "0-1"]
[WhiteElo "2269"]
[BlackElo "2210"]
[PlyCount "82"]
[EventDate "2023.03.21"]
[EventType "swiss (blitz)"]
[EventRounds "11"]
[EventCountry "USA"]
[SourceTitle "EXT 2024"]
[Source "ChessBase"]
[SourceDate "2023.10.10"]
[SourceVersion "1"]
[SourceVersionDate "2023.10.10"]
[SourceQuality "1"]

1. e4 e6 2. d4 d5 3. Nc3 Nf6 4. e5 Nfd7 5. f4 c5 6. Nf3 Nc6 7. Be3 Be7 8. Qd2 0-0 9. Qf2 Rb8 10. Be2 a6 11. 0-0 Qc7 12. dxc5 Nb4 13. Nd4 Bxc5 14. Rac1 Nc6 15. Nxe6 fxe6 16. Bxc5 Nxc5 17. Qxc5 Bd7 18. Bd3 Rbc8 19. Ne2 Qd8 20. Qe3 Nb4 21. a3 Nxd3 22. cxd3 Qa5 23. Nd4 Qb6 24. b4 Bb5 25. Rfd1 Ba4 26. Re1 a5 27. Nf5 Qxe3+ 28. Nxe3 Rxc1 29. Rxc1 axb4 30. axb4 Rxf4 31. Rc8+ Kf7 32. Rc7+ Kg6 33. Rxb7 Rd4 34. Kf2 Rxd3 35. Rb6 d4 36. Nc4 Bb3 37. Nd6 Bd5 38. g3 Rd2+ 39. Ke1 Rxh2 40. b5 d3 41. Ra6 d2+ 0-1

[Event "Titled Tuesday intern op 14th Mar Early"]
[Site "Chess.com INT"]
[Date "2023.03.14"]
[Round "7"]
[White "Bas Mas, Jose Joaquin"]
[Black "Ginzburg, Yakov"]
[Result "0-1"]
[WhiteElo "2210"]
[BlackElo "2405"]
[PlyCount "58"]
[EventDate "2023.03.14"]
[EventType "swiss (blitz)"]
[EventRounds "11"]
[EventCountry "USA"]
[SourceTitle "EXT 2024"]
[Source "ChessBase"]
[SourceDate "2023.10.10"]
[SourceVersion "1"]
[SourceVersionDate "2023.10.10"]
[SourceQuality "1"]

1. e4 c5 2. Nc3 e6 3. Nf3 Nc6 4. g3 d5 5. exd5 exd5 6. d4 Bg4 7. Bg2 Nxd4 8. 0-0 Nf6 9. Qe1+ Be7 10. Ne5 Be6 11. Qd1 0-0 12. Bf4 Re8 13. Re1 Qb6 14. Na4 Qa5 15. c3 Nc6 16. a3 Nxe5 17. Bxe5 Rad8 18. b4 Qb5 19. Bf1 Qc6 20. b5 Qc8 21. b6 a6 22. Rb1 Bf5 23. Rb2 Qc6 24. Bc7 Rc8 25. Bg2 Bg4 26. Qc2 Bd7 27. c4 Qxa4 28. cxd5 Qxc2 29. Rxc2 Bd6 0-1